000 00606nam a2200205Ia 4500
005 20250508164507.0
008 008 250505s9999 xx 000 0 eng d
020 _a0-586-09231-5
037 _aTextual
040 _aFEDL
_beng
_cFEDL
041 _aeng
_2eng
084 _a320.954, NAT
_qFEDL
245 0 _aOur country today problems and challenges : A textbook in civics for class VIII
245 0 _cNational Council of Educational Research and Training
260 _c1991
300 _a132p.
365 _aINR
_b11.5
942 _cTEXL
_h320.954, NAT
999 _c1389410
_d1389410